Bruce Springsteen- Jungleland Lyrics - Statistics

General Stats
  • This quiz has been taken 336 times
  • The average score is 243 of 384
Answer Stats
Lyrics % Correct
a
98%
'n'
98%
(Epic Saxophone Solo)
97%
i
97%
The
97%
the
97%
in
96%
In
96%
Jungleland
93%
night
92%
be
91%
to
91%
an
90%
And
88%
and
88%
down
88%
Down
88%
on
86%
late
83%
last
82%
girl
81%
Rangers
81%
homecoming
80%
at
78%
Harlem
78%
of
78%
Of
78%
Jersey
77%
Rat
77%
they
77%
They
77%
take
76%
had
75%
so
75%
stand
75%
we
75%
machine
74%
Over
74%
state
74%
beer
73%
hood
73%
line
73%
Tonight
73%
up
73%
Barefoot
72%
barefoot
72%
As
71%
as
71%
all
70%
his
70%
Magic
70%
just
69%
Just
69%
out
69%
sitting
69%
warm
69%
light
68%
Dodge
67%
Drinking
67%
No
67%
summer
67%
street
66%
city
65%
for
65%
drove
63%
pulls
62%
rain
62%
when
62%
romance
61%
soft
61%
this
61%
here
60%
Lane
60%
like
60%
'neath
60%
roll
60%
Flamingo
59%
kids
59%
Kids
59%
stab
59%
that
59%
That
59%
Together
58%
beat
57%
disappear
57%
run
57%
back
56%
into
56%
our
56%
cherry
54%
cops,
54%
it
54%
pants
54%
sign
54%
sleek
54%
street's
54%
town
54%
is
53%
not
53%
From
52%
Beneath
51%
quiet,
51%
shadows
50%
then
50%
Chasing
49%
churches
49%
Exxon
49%
giant
49%
hands
49%
rock
49%
switch-blades
49%
Well
49%
brings
48%
guitars
48%
hearts
48%
holding
48%
holy
48%
let
48%
maximum
48%
meet
48%
their
48%
tops,
48%
two
48%
are
47%
jails
47%
lawman
47%
record
47%
there's
47%
There's
47%
fire
46%
flash
46%
gangs
46%
local
46%
midnight
46%
nothing
46%
world
46%
dead
45%
each
45%
fair
45%
hungry
45%
hunted
45%
look
45%
wind
45%
alley
44%
Always
44%
one
44%
poets
44%
rolls
44%
round
44%
turnpike
44%
Don't
43%
even
43%
make
43%
bedroom
42%
honest
42%
off
42%
alive
41%
ballet
41%
But
41%
death
41%
opera
41%
write
41%
ambulance
40%
bands
40%
Explode
40%
silence
40%
try
40%
wounded,
40%
him
39%
vanished
39%
being
38%
dream
38%
guns
38%
Hustling
38%
real
38%
rips
38%
tender
38%
unseen
38%
away
37%
face
37%
fought
37%
other
36%
reach
36%
through
36%
whisper,
36%
against
35%
moment
35%
rendezvous
35%
surrender
35%
Soul
34%
them
34%
waltz
34%
what's
34%
Contact's
33%
fantasy
33%
made,
33%
Outside
33%
own
33%
picked
33%
running
33%
they're
33%
tunnels
33%
Between
32%
girls
32%
Rat's
32%
assembled
31%
flesh
31%
gone
31%
lot
31%
secret
31%
shuts
31%
uptown
31%
watches
31%
dark
30%
debts
30%
locked
30%
paid
30%
parking
30%
quick
30%
They'll
30%
Man
29%
refusal
29%
dancing
28%
echo
28%
engines
28%
shots
28%
hallways
27%
plays
27%
Or
26%
Until
26%
DJ
25%
dress
25%
visionaries
25%
whispers
25%
lovers
24%
latest
23%
moves
23%
backstreet
22%
corners
22%
Lonely-
21%
records
21%
struggle
21%
-hearted
20%
rage
20%
Inside
16%
Desperate
15%
No matching quizzes found
Score Distribution
Percent of People with Each Score
Percentile by Number Answered
Your Score History
You have not taken this quiz